Detalles MARC
| 000 -LIDER |
| fixed length control field |
03348nam a2200337 a 4500 |
| 001 - NÚMERO DE CONTROL |
| Identificador de número de control |
000000460 |
| 003 - IDENTIFICACDOR DE NÚMERO DE CONTROL |
| control field |
DO-SdBNP |
| 005 - DATE AND TIME OF LATEST TRANSACTION |
| control field |
20230704095001.0 |
| 008 - ELEMENTOS DE LONGITUD FIJA |
| fixed length control field |
081112s2007 dr 000 p spa d |
| 020 ## - ISBN |
| International Standard Book Number |
9789945861310 |
| 040 ## - FUENTE DE CATALOGACIÓN |
| Agencia que crea de manera original el registro |
BPMSU |
| Idioma de catalogación |
spa |
| Agencia que realiza la transcripción |
BPMSU |
| 082 #4 - NÚMERO DE CLASIFICACIÓN DECIMAL DE DEWEY |
| Classification number |
RD861.44 |
| Item number |
N789p 2007 |
| Edition number |
22 |
| 100 1# - ASIENTO PRINCIPAL -- NOMBRE PERSONAL |
| Nombre personal |
Nolasco, Flérida de, |
| Fechas asociadas con el nombre |
1891-1976 |
| 245 13 - MENCIÓN DE TITULO |
| Título |
La poesía folklórica en Santo Domingo / |
| Mención de responsabilidad |
Flérida de Nolasco. |
| 250 ## - MENCIÓN DE EDICION |
| Mención de edición |
2a ed. |
| 260 ## - PUBLICACIÓN, DISTRIBUCIÓN, ETC. (PIE DE IMPRENTA) |
| Lugar de publicación, distribución, etc |
Santo Domingo : |
| Nombre del editor, distribuidor, etc. |
Editora Búho, |
| Fecha de publicación, distribución, etc |
2007. |
| 300 ## - DESCRIPCIÓN FÍSICA |
| Extensión |
374 p. ; |
| Dimensiones |
22 cm. |
| 490 0# - MENCIÓN DE SERIES |
| Mención de serie |
Bibliófilos 2000, |
| Volume/sequential designation |
20 |
| 500 ## - NOTA GENERAL |
| Nota general |
Incluye referencias bibliográficas y notas al pie de las páginas. |
| 505 0# - NOTA DE CONTENIDO |
| Título |
Presentación -- |
| -- |
Introducción -- |
| -- |
Liminar -- |
| -- |
Rimas tradicionales en la región del sur -- |
| Información miscelánea |
Provincia de Azua -- |
| Título |
De amor -- |
| -- |
De amor en sentimiento -- |
| -- |
De amor en fantasía -- |
| -- |
Por fantasía -- |
| -- |
Por argumento -- |
| Información miscelánea |
Sección de Pueblo Viejo -- |
| Título |
De amor en sentimiento -- |
| Información miscelánea |
Provincia de Barahona -- |
| -- |
Sección de pesquería -- |
| Título |
De amor en sentimiento -- |
| -- |
Por fantasía -- |
| -- |
Por argumento -- |
| Información miscelánea |
Sierra de Bahoruco -- |
| Título |
Coplas romanceadas -- |
| Información miscelánea |
De el arroyo -- |
| Título |
Coplas -- |
| Información miscelánea |
Cabral -- |
| Título |
Por argumento -- |
| -- |
Coplas -- |
| Información miscelánea |
Sección Las Salinas -- |
| Título |
De amor -- |
| -- |
Por argumento -- |
| -- |
Coplas romanceadas -- |
| Información miscelánea |
Enriquillo -- |
| Título |
De amor -- |
| -- |
De amor por fantasía -- |
| -- |
En desafío -- |
| -- |
Por argumento -- |
| -- |
A lo divino -- |
| -- |
De argumento a lo divino -- |
| -- |
Coplas romanceadas -- |
| -- |
Coplas -- |
| Información miscelánea |
Sección Naranjal -- |
| Título |
De amor -- |
| Información miscelánea |
Sección Trujín (Oviedo) -- |
| Título |
De amor en sentimiento -- |
| -- |
De amor por fantasía -- |
| -- |
Por fantasía -- |
| -- |
A lo divino -- |
| -- |
Coplas -- |
| Información miscelánea |
Distrito de Paraíso -- |
| Título |
De amor -- |
| -- |
De amor en sentimiento -- |
| -- |
De amor por fantasía -- |
| -- |
Variante en Argentina -- |
| -- |
Por fantasía -- |
| -- |
En desafío -- |
| -- |
Por argumento -- |
| -- |
A lo divino -- |
| -- |
Coplas -- |
| -- |
Coplas romanceadas -- |
| Información miscelánea |
Provincia de Bahoruco, Neiba -- |
| Título |
De amor -- |
| -- |
Variante (recogida en Enriquillo) -- |
| -- |
De amor en sentimiento -- |
| -- |
Por argumento -- |
| -- |
Coplas -- |
| Información miscelánea |
Duvergé -- |
| Título |
Coplas -- |
| -- |
Cantar de plena -- |
| Información miscelánea |
Provincia Benefactor San Juan de la Maguana -- |
| Título |
De amor -- |
| -- |
Por fantasía -- |
| -- |
En desafío a lo divino -- |
| -- |
Por argumento -- |
| -- |
En argumento mayor -- |
| -- |
A lo divino -- |
| -- |
Coplas -- |
| Información miscelánea |
Las Matas de Farfán -- |
| Título |
De amor -- |
| -- |
De amor en sentimiento -- |
| -- |
De amor por fantasía -- |
| -- |
Por argumento -- |
| -- |
En desafío -- |
| -- |
En desafío a lo divino -- |
| -- |
Coplas -- |
| -- |
Coplas romanceadas -- |
| -- |
Cantares de plena -- |
| Información miscelánea |
Provincia Trujillo Valdez, Baní -- |
| Título |
De amor -- |
| -- |
De amor en sentimiento -- |
| -- |
Por fantasía -- |
| -- |
Por argumento -- |
| -- |
Coplas |
| Información miscelánea |
Sección de Boca Canasta -- |
| Título |
Coplas -- |
| Información miscelánea |
San Cristobal |
| Título |
Coplas -- |
| 505 0# - NOTA DE CONTENIDO |
| Información miscelánea |
Distrito de Santo Domingo, Campos Aledaños -- |
| Título |
Coplas -- |
| Información miscelánea |
Provincia del Seibo -- |
| Título |
Por fantasía -- |
| -- |
Leyenda -- |
| -- |
Por argumento |
| Información miscelánea |
Higüey -- |
| Título |
De amor |
| -- |
De amor por fantasía -- |
| -- |
Coplas -- |
| -- |
Romances tradicionales -- |
| -- |
El romance de el niño -- |
| -- |
Romancillos de nochebueno -- |
| -- |
Otros romanances -- |
| -- |
La utopía de lo autóctono -- |
| -- |
Tradiciones entre casa -- |
| -- |
Por qué no tenemos folklore negro -- |
| -- |
Juicios críticos -- |
| -- |
Murió el toro que pitaba |
| Información miscelánea |
Sección de Boca Canasta -- |
| 590 ## - NOTA LOCAL |
| Enlace |
Inventariado, 2023/VM |
| 650 #4 - ENCABEZAMIENTO DE MATERIA--TEMÁTICO |
| Término temático o nombre geográfico como elemento de entrada |
Poesía dominicana |
| 650 #4 - ENCABEZAMIENTO DE MATERIA--TEMÁTICO |
| Término temático o nombre geográfico como elemento de entrada |
Folclor |
| 650 #4 - ENCABEZAMIENTO DE MATERIA--TEMÁTICO |
| Término temático o nombre geográfico como elemento de entrada |
Literatura folclórica |
| 650 #4 - ENCABEZAMIENTO DE MATERIA--TEMÁTICO |
| Término temático o nombre geográfico como elemento de entrada |
Literatura dominicana |
| 700 1# - ASIENTO SECUNDARIO -- NOMBRE PERSONAL |
| Nombre personal |
Olivo Álvarez, Sócrates, |
| Mención de responsabilidad |
ed. |
| 830 #0 - ASIENTO SECUNDARIO DE SERIE--TÍTULO UNIFORME |
| Título uniforme |
Bibliófilos 2000 |
| Volume number/sequential designation |
20 |
| 910 ## - VALIDACIÓN |
| Validación |
VMateo V. Control de calidad (BPMSU) |
| 942 ## - ADDED ENTRY ELEMENTS (KOHA) |
| Source of classification or shelving scheme |
Dewey Decimal Classification |
| Koha item type |
Libros |